| 000 | 00790cam a2200265 a 4500 | ||
|---|---|---|---|
| 005 | 20260322212048.0 | ||
| 008 | data | ||
| 010 | _a 2008005087 | ||
| 020 | _a9780061473678 | ||
| 020 | _a0061473677 | ||
| 040 |
_aDLC _cDLC _dDLC _dBAKER _dYDXCP _dKLC _dVP@ _dDLC |
||
| 050 | 0 | 0 |
_aRA776 _b.R723 2008 |
| 082 | 0 | 0 |
_a613.2 _222 |
| 245 | 1 | 0 |
_aYou : _bthe owner's manual : an insider's guide to the body that will make you healthier and younger / _cMichael F. Roizen. |
| 250 | _aUpdated and expanded ed., 1st Collins ed. | ||
| 260 |
_aNew York, NY : _bCollins, _c2008. |
||
| 300 |
_axv, 525 p. : _bill. ; _c24 cm. |
||
| 500 | _aIncludes index. | ||
| 650 | 0 | _aHealth. | |
| 650 | 0 | _aLongevity. | |
| 650 | 0 | _aNutrition. | |
| 650 | 0 | _aMedicine, Popular. | |
| 700 | 1 | _aRoizen, Michael F. | |
| 001 | data | ||
| 999 |
_c1129 _d1129 |
||